BRS Cell Biology & Histology (Record no. 246570)

MARC details
000 -LEADER
fixed length control field 00488nam a2200193Ia 4500
008 - FIXED-LENGTH DATA ELEMENTS--GENERAL INFORMATION
fixed length control field 240913s9999||||xx |||||||||||||| ||und||
082 ## - DEWEY DECIMAL CLASSIFICATION NUMBER
-- 611.018 Q5
100 ## - MAIN ENTRY--PERSONAL NAME
Personal name Gartner,Leslie
245 #0 - TITLE STATEMENT
Title BRS Cell Biology & Histology
250 ## - EDITION STATEMENT
Edition statement 7th
260 ## - PUBLICATION, DISTRIBUTION, ETC. (IMPRINT)
Date of publication, distribution, etc 2015
Name of publisher, distributor, etc Wolters K
500 ## - GENERAL NOTE
General note REFERENCE
650 ## - SUBJECT ADDED ENTRY--TOPICAL TERM
Topical term or geographic name as entry element Human Genetics and Molecular Biology
700 ## - ADDED ENTRY--PERSONAL NAME
Personal name Hiatt,James
942 ## - ADDED ENTRY ELEMENTS (KOHA)
Item type Reference
Holdings
Withdrawn status Lost status Damaged status Permanent location Current location Shelving location Date acquired Source of acquisition Cost, normal purchase price Full call number Barcode Date last seen Koha item type
      CENTRAL LIBRARY, NOORUL ISLAM CENTRE FOR HIGHER EDUCATION CENTRAL LIBRARY, NOORUL ISLAM CENTRE FOR HIGHER EDUCATION   02/12/2018 Edumart, Trivandrum 825.00 611.018 Q5 77622 09/13/2024 Reference
Visitors:
Copyright © 2024 Central Library NICHE.  All rights reserved.